[Event "DVM U16 2013"]
[Site "Lingen (Ems) GER"]
[Date "2013.12.30"]
[Round "7"]
[White "Dechant, Georg"]
[Black "Pfreundt, Jakob"]
[Result "1/2-1/2"]
[Termination "normal"]
[Board "6.2"]
[WhiteElo "1689"]
[BlackElo "1906"]
[WhiteTeam "SC Bavaria Regensburg"]
[BlackTeam "Königsspringer Hamburg"]
[WhiteFideId "12956716"]
[BlackFideId "12918156"]
[EventCountry "GER"]
[EventRounds "7"]
[EventType "team-swiss"]
[EventDate "2013.12.26"]

1. e4 e5 2. Nf3 Nc6 3. Bb5 a6 4. Ba4 Nf6 5. O-O Be7 6. Re1 b5 7. Bb3 d6 8. c3
O-O 9. h3 Nb8 10. d4 Nbd7 11. Nbd2 Bb7 12. Bc2 Re8 13. Nf1 Bf8 14. Ng3 g6 15.
Nh2 Bg7 16. Bg5 h6 17. Bc1 Kh7 18. f4 d5 19. fxe5 Nxe4 20. Nxe4 dxe4 21. Bf4 f5
22. exf6 Nxf6 23. Ng4 Nxg4 24. Qxg4 c5 25. dxc5 Qc8 26. Qxc8 Raxc8 27. Bd6 b4
28. cxb4 Bxb2 29. Rab1 Bc3 30. Re2 e3 31. Rb3 Bd2 32. Bf4 Bd5 33. Rd3 Rcd8 34.
Bxe3 Bxb4 35. Bb3 Rxe3 36. Rexe3 Bxc5 37. Rxd5 1/2-1/2

[Event "DVM U16 2013"]
[Site "Lingen (Ems) GER"]
[Date "2013.12.30"]
[Round "7"]
[White "Lemke, Berfin"]
[Black "Rösl, Martin"]
[Result "1-0"]
[Termination "normal"]
[Board "6.3"]
[WhiteElo "1609"]
[BlackElo "1536"]
[WhiteTeam "Königsspringer Hamburg"]
[BlackTeam "SC Bavaria Regensburg"]
[WhiteFideId "1270578"]
[BlackFideId "12983098"]
[EventCountry "GER"]
[EventRounds "7"]
[EventType "team-swiss"]
[EventDate "2013.12.26"]

1. e4 c5 2. Nf3 Nc6 3. d4 cxd4 4. Nxd4 Qb6 5. Nb3 Nf6 6. Nc3 e6 7. Be3 Qc7 8.
Bd3 a6 9. O-O Be7 10. f4 d6 11. Qf3 O-O 12. g4 b5 13. g5 Nd7 14. Qh5 Nb4 15.
Rac1 Nxd3 16. cxd3 Qd8 17. Rf3 Re8 18. Nd4 Bb7 19. Rh3 Nf8 20. Rf1 Qd7 21. Rg3
g6 22. Qh6 e5 23. f5 f6 24. fxg6 Nxg6 25. gxf6 Bf8 26. Rxg6+ Kh8 27. Qh4 Qf7
28. Rg3 exd4 29. Bxd4 1-0

[Event "DVM U16 2013"]
[Site "Lingen (Ems) GER"]
[Date "2013.12.30"]
[Round "7"]
[White "Oberhofer, Marie"]
[Black "Pfreundt, Mathis"]
[Result "0-1"]
[Termination "normal"]
[Board "6.4"]
[WhiteElo "1542"]
[BlackElo "1622"]
[WhiteTeam "SC Bavaria Regensburg"]
[BlackTeam "Königsspringer Hamburg"]
[WhiteFideId "12938165"]
[BlackFideId "12967092"]
[EventCountry "GER"]
[EventRounds "7"]
[EventType "team-swiss"]
[EventDate "2013.12.26"]

1. e4 c5 2. Nf3 Nc6 3. d4 cxd4 4. Nxd4 g6 5. Nc3 Bg7 6. Be3 Nf6 7. f3 O-O 8.
Qd2 d5 9. exd5 Nxd5 10. Nxc6 bxc6 11. Bd4 Nxc3 12. Bxg7 Qxd2+ 13. Kxd2 Ne4+ 14.
fxe4 Kxg7 15. Bd3 Rd8 16. Ke3 Be6 17. Rhd1 c5 18. Be2 f6 19. Bf3 Rab8 20. b3 g5
21. Rxd8 Rxd8 22. Rd1 Rb8 23. h3 Kg6 24. g4 Kf7 25. Rd3 c4 26. Rc3 cxb3 27.
axb3 Rd8 28. Rc7 a6 29. Ra7 Rd6 30. Be2 Rc6 31. Bd3 Bc8 32. Bc4+ Ke8 33. Bd3
Kf7 34. Ra8 Ke6 35. Bc4+ Ke5 36. Ra7 Kd6 37. Kd4 e5+ 38. Ke3 Rc7 39. Rxc7 Kxc7
40. Kd3 Kb6 41. Bg8 h6 42. Kc4 Bd7 43. Bd5 Bb5+ 44. Kb4 Bf1 45. Be6 a5+ 46. Ka4
Bxh3 47. Bf5 Bf1 48. c4 Be2 49. Ka3 h5 50. gxh5 Bxh5 51. Kb2 g4 52. Kc3 g3 53.
Bh3 Bf3 54. Kd3 g2 55. Bxg2 Bxg2 56. Ke3 Kc5 57. Kd3 Kb4 58. Ke3 Kxb3 0-1

[Event "DVM U16 2013"]
[Site "Lingen (Ems) GER"]
[Date "2013.12.30"]
[Round "7"]
[White "Imcke, Patrick"]
[Black "Fortenbacher, Florian"]
[Result "1-0"]
[Termination "normal"]
[Board "7.1"]
[WhiteElo "2014"]
[BlackElo "1745"]
[WhiteTeam "SF Katernberg"]
[BlackTeam "Gütersloher SV"]
[WhiteFideId "4622502"]
[BlackFideId "12979317"]
[EventCountry "GER"]
[EventRounds "7"]
[EventType "team-swiss"]
[EventDate "2013.12.26"]

1. e4 e5 2. Nf3 Nc6 3. Bc4 Bc5 4. b4 Bxb4 5. c3 Ba5 6. d4 exd4 7. O-O d6 8. Qb3
Qe7 9. Ba3 Nh6 10. cxd4 O-O 11. Nc3 Bxc3 12. Qxc3 Qxe4 13. Rfe1 Qg6 14. d5 Nb8
15. Bd3 Bf5 16. Nh4 Qg4 17. Nxf5 Nxf5 18. Re4 Qg5 19. Bc1 Qh5 20. g4 Qh3 21.
gxf5 Qxf5 22. Rh4 Qd7 23. Bxh7+ Kh8 24. Bf5+ Kg8 25. Bxd7 1-0

[Event "DVM U16 2013"]
[Site "Lingen (Ems) GER"]
[Date "2013.12.30"]
[Round "7"]
[White "Wulfhorst, Noah"]
[Black "Schimnatkowski, Lukas"]
[Result "1-0"]
[Termination "normal"]
[Board "7.2"]
[WhiteElo "1654"]
[BlackElo "1739"]
[WhiteTeam "Gütersloher SV"]
[BlackTeam "SF Katernberg"]
[WhiteFideId "12964956"]
[BlackFideId "12936723"]
[EventCountry "GER"]
[EventRounds "7"]
[EventType "team-swiss"]
[EventDate "2013.12.26"]

1. e4 e6 2. d4 d5 3. Nd2 Nf6 4. e5 Nfd7 5. Bd3 c5 6. c3 Nc6 7. Ne2 f6 8. exf6
Nxf6 9. Nf3 Bd6 10. O-O O-O 11. Re1 Qc7 12. Bg5 Bd7 13. Bh4 Nh5 14. Ng3 Nf6 15.
Qc2 h6 16. Ne2 cxd4 17. cxd4 Qb6 18. a3 Rac8 19. Qd2 Na5 20. Rab1 Nb3 21. Qd1
Kh8 22. Bc2 Na5 23. Nc3 g5 24. Bg3 Bxg3 25. hxg3 Nc6 26. Na4 Qc7 27. Nc5 Rce8
28. Rc1 Bc8 29. b4 Qf7 30. Re2 Nd7 31. Nxd7 Bxd7 32. b5 Ne7 33. Ne5 Qg7 1-0

[Event "DVM U16 2013"]
[Site "Lingen (Ems) GER"]
[Date "2013.12.30"]
[Round "7"]
[White "Haase, Kai"]
[Black "Marvani, Arman"]
[Result "1/2-1/2"]
[Termination "normal"]
[Board "7.4"]
[WhiteElo "1570"]
[BlackElo "1457"]
[WhiteTeam "Gütersloher SV"]
[BlackTeam "SF Katernberg"]
[WhiteFideId "12964999"]
[BlackFideId "12936731"]
[EventCountry "GER"]
[EventRounds "7"]
[EventType "team-swiss"]
[EventDate "2013.12.26"]

1. e4 e6 2. d4 d5 3. Bd3 Nf6 4. Bg5 Be7 5. exd5 exd5 6. Nf3 Nc6 7. O-O O-O 8.
Nc3 h6 9. Bh4 Bg4 10. Be2 g5 11. Bg3 Ne4 12. Qd3 Nxg3 13. fxg3 Bf6 14. Kh1 Qd7
15. Rad1 Bf5 16. Qd2 Nb4 17. Rc1 Rfe8 18. a3 Nc6 19. Rcd1 Rad8 20. Bb5 Bg7 21.
Qf2 Bg6 22. Rfe1 a6 23. Ba4 b5 24. Bb3 Qf5 25. Rxe8+ Rxe8 26. Bxd5 Ne7 27. Be4
Qf6 28. Bxg6 Nxg6 29. Qd2 Rd8 30. Qe3 g4 31. Ng1 Rxd4 32. Rxd4 Qxd4 33. Qxd4
Bxd4 34. Nge2 Bg7 35. Kg1 c6 36. Kf1 f5 37. Nd1 Ne5 38. Ne3 Nf7 39. b3 Nd6 40.
Nf4 Kf7 41. Ke2 Be5 42. Kd3 Kf6 43. Ke2 Ne4 44. Nd3 Nc3+ 45. Ke1 Bd4 46. Nf1 a5
47. Nd2 Be3 48. Nf1 Bd4 49. Nd2 Bc5 50. Nf4 Ke5 1/2-1/2

[Event "DVM U16 2013"]
[Site "Lingen (Ems) GER"]
[Date "2013.12.30"]
[Round "7"]
[White "Grimm, Julius"]
[Black "Herbrig, Alexander"]
[Result "1-0"]
[Termination "normal"]
[Board "8.1"]
[WhiteElo "1944"]
[BlackElo "1885"]
[WhiteTeam "Schachforum Darmstadt"]
[BlackTeam "SC Einheit Bautzen"]
[WhiteFideId "12916986"]
[BlackFideId "12952044"]
[EventCountry "GER"]
[EventRounds "7"]
[EventType "team-swiss"]
[EventDate "2013.12.26"]

1. d4 Nf6 2. c4 g6 3. Nc3 d5 4. Nf3 Bg7 5. Qb3 dxc4 6. Qxc4 a6 7. Bf4 c6 8. e4
Nh5 9. Be3 O-O 10. Be2 Nf6 11. h3 Be6 12. Qd3 b5 13. b3 a5 14. O-O h6 15. Rad1
Na6 16. Ne5 Qc7 17. f4 Rfd8 18. f5 gxf5 19. exf5 Bd5 20. Nxd5 Nxd5 21. Ng4 Nab4
22. Qd2 Nxe3 23. Qxe3 Nc2 24. Qc1 Nxd4 25. Bd3 h5 26. f6 hxg4 27. fxg7 Qe5 28.
Rf4 Ne2+ 29. Bxe2 Qxe2 30. Re1 Qd2 31. Qxd2 Rxd2 32. Rxg4 e6 33. Re3 Rad8 34.
Reg3 R2d4 35. h4 Rxg4 36. Rxg4 f5 37. Rg3 Rd7 38. Rg6 Rxg7 39. Rxe6 Rc7 40. Rf6
c5 41. Rxf5 c4 42. bxc4 bxc4 43. Rf2 c3 44. Rc2 Rc4 45. g3 Kf7 46. Kf2 Ke6 47.
Ke2 Kd5 48. Kd3 Ra4 49. h5 Ke5 50. h6 Rg4 51. Rh2 Rxg3+ 52. Kc2 Rg8 53. h7 Rh8
54. Kxc3 Kd5 55. Kb3 Kc6 56. Ka4 Kc5 57. Rh5+ Kb6 58. a3 Ka6 59. Rh6+ Kb7 60.
Kxa5 Ka7 61. a4 Kb7 62. Kb5 Kc7 63. a5 Kb7 64. Kc5 Rc8+ 65. Kd5 Rh8 66. Ke5 1-0

[Event "DVM U16 2013"]
[Site "Lingen (Ems) GER"]
[Date "2013.12.30"]
[Round "7"]
[White "Tampe, Alexander"]
[Black "Izhboldin, Andrey"]
[Result "1/2-1/2"]
[Termination "normal"]
[Board "8.3"]
[WhiteElo "1712"]
[BlackElo "1533"]
[WhiteTeam "Schachforum Darmstadt"]
[BlackTeam "SC Einheit Bautzen"]
[WhiteFideId "12921572"]
[BlackFideId "12983136"]
[EventCountry "GER"]
[EventRounds "7"]
[EventType "team-swiss"]
[EventDate "2013.12.26"]

1. e4 e6 2. d4 d5 3. exd5 exd5 4. Bd3 Bd6 5. Nf3 Bg4 6. h3 Be6 7. O-O Qd7 8.
Re1 Ne7 9. Ne5 Bxe5 10. dxe5 Nbc6 11. Bf4 h6 12. Nd2 g5 13. Bg3 O-O-O 14. Nb3
b6 15. Qe2 h5 16. Ba6+ Kb8 17. Nc5 Qe8 18. Nxe6 fxe6 19. c4 h4 20. Bh2 d4 21.
Qe4 Qg6 22. Qxg6 Nxg6 23. Bb5 Nce7 24. b4 Kb7 25. Rad1 a6 26. Ba4 c6 27. Bc2
Nf5 28. Re4 Nge7 29. Rg4 1/2-1/2

[Event "DVM U16 2013"]
[Site "Lingen (Ems) GER"]
[Date "2013.12.30"]
[Round "7"]
[White "Arnhold, Steffi"]
[Black "Uellner, Ferdinand"]
[Result "0-1"]
[Termination "normal"]
[Board "8.4"]
[WhiteElo "1422"]
[BlackElo "1246"]
[WhiteTeam "SC Einheit Bautzen"]
[BlackTeam "Schachforum Darmstadt"]
[WhiteFideId "12931365"]
[BlackFideId "12983101"]
[EventCountry "GER"]
[EventRounds "7"]
[EventType "team-swiss"]
[EventDate "2013.12.26"]

1. e4 e5 2. Nf3 Nc6 3. Bc4 Bc5 4. c3 Nf6 5. d3 O-O 6. Nbd2 d5 7. Bb3 dxe4 8.
dxe4 Bg4 9. h3 Bh5 10. g4 Bg6 11. Qe2 Re8 12. Nh4 Qd7 13. Nxg6 hxg6 14. f3 Rad8
15. Bc2 Nh7 16. h4 Nf8 17. h5 Ne7 18. h6 Ne6 19. hxg7 Kxg7 20. Qh2 Rh8 21.
Qxe5+ f6 22. Qh2 Rxh2 23. Rxh2 Rh8 0-1

[Event "DVM U16 2013"]
[Site "Lingen (Ems) GER"]
[Date "2013.12.30"]
[Round "7"]
[White "Walter, Kevin"]
[Black "Zolfagharian, Kevin"]
[Result "0-1"]
[Termination "normal"]
[Board "9.1"]
[WhiteElo "1976"]
[BlackElo "2036"]
[WhiteTeam "SK Sontheim/Brenz"]
[BlackTeam "SG Solingen"]
[WhiteFideId "12906654"]
[BlackFideId "12933570"]
[EventCountry "GER"]
[EventRounds "7"]
[EventType "team-swiss"]
[EventDate "2013.12.26"]

1. e4 c5 2. Nf3 Nc6 3. d4 cxd4 4. Nxd4 Nf6 5. Nc3 d6 6. f4 e6 7. Be3 Be7 8. Be2
O-O 9. O-O d5 10. e5 Nd7 11. Rf3 Bc5 12. Na4 Bxd4 13. Bxd4 f6 14. exf6 Nxd4 15.
Qxd4 Qxf6 16. Rd1 b6 17. Nc3 Bb7 18. Qxf6 Rxf6 19. Re3 Raf8 20. g3 g5 21. fxg5
Rf2 22. Rxe6 d4 23. Ne4 Rxe2 24. Nf6+ Nxf6 25. Rxe2 Bf3 26. Rxd4 Bxe2 27. gxf6
Rxf6 28. Rd2 Bf1 29. h4 Bb5 30. Kh2 h5 31. Rd5 Rf2+ 32. Kg1 Rf1+ 33. Kh2 Bc6
34. Rg5+ Kf7 35. g4 hxg4 36. Rxg4 Rh1+ 37. Kg3 Rg1+ 38. Kf4 Rxg4+ 39. Kxg4 Be4
40. c4 Bb1 41. b4 Bxa2 42. c5 Ke6 43. Kf3 Kd5 44. Ke3 Bb1 45. h5 b5 46. Kd2 a5
47. bxa5 Kxc5 48. Kc3 Bh7 49. a6 Kb6 0-1

[Event "DVM U16 2013"]
[Site "Lingen (Ems) GER"]
[Date "2013.12.30"]
[Round "7"]
[White "Nguyen, Gia Huy Philipp"]
[Black "Romes, Max"]
[Result "1-0"]
[Termination "normal"]
[Board "9.2"]
[WhiteElo "1563"]
[BlackElo "1922"]
[WhiteTeam "SG Solingen"]
[BlackTeam "SK Sontheim/Brenz"]
[WhiteFideId "12933597"]
[BlackFideId "12928968"]
[EventCountry "GER"]
[EventRounds "7"]
[EventType "team-swiss"]
[EventDate "2013.12.26"]

1. e4 c6 2. d4 d5 3. e5 c5 4. dxc5 e6 5. Be3 Qc7 6. Qd4 Ne7 7. Nc3 Bd7 8. Nb5
Bxb5 9. Bxb5+ Nbc6 10. Qc3 O-O-O 11. Nf3 Nxe5 12. Nxe5 d4 13. Bxd4 Nd5 14. Qc4
1-0

[Event "DVM U16 2013"]
[Site "Lingen (Ems) GER"]
[Date "2013.12.30"]
[Round "7"]
[White "Walter, Daniel"]
[Black "Nink, Niklas"]
[Result "1/2-1/2"]
[Termination "normal"]
[Board "9.3"]
[WhiteElo "1271"]
[BlackElo "1493"]
[WhiteTeam "SK Sontheim/Brenz"]
[BlackTeam "SG Solingen"]
[WhiteFideId "12983110"]
[BlackFideId "12944610"]
[EventCountry "GER"]
[EventRounds "7"]
[EventType "team-swiss"]
[EventDate "2013.12.26"]

1. e4 c5 2. Nf3 d6 3. d4 cxd4 4. Nxd4 Nf6 5. Nc3 a6 6. Be2 e5 7. Nb3 Be7 8. O-O
O-O 9. Kh1 b5 10. a3 Bb7 11. Qd3 Nbd7 12. f3 Rc8 13. Be3 Qc7 14. Rac1 Nb6 15.
Bxb6 Qxb6 16. Qd2 Nh5 17. g3 h6 18. Nd5 Bxd5 19. Qxd5 Rfd8 20. Rfd1 Nf6 21. Qd3
d5 22. exd5 Rxd5 23. Qf5 Rxd1+ 24. Rxd1 Re8 25. c3 Qf2 26. Qc2 e4 27. Rf1 Qe3
28. fxe4 Qxe4+ 29. Qxe4 Nxe4 1/2-1/2

[Event "DVM U16 2013"]
[Site "Lingen (Ems) GER"]
[Date "2013.12.30"]
[Round "7"]
[White "Barche, Robert"]
[Black "Walliser, Pascal"]
[Result "0-1"]
[Termination "normal"]
[Board "9.4"]
[WhiteElo "1308"]
[BlackElo "1450"]
[WhiteTeam "SG Solingen"]
[BlackTeam "SK Sontheim/Brenz"]
[WhiteFideId "12944572"]
[BlackFideId "12983128"]
[EventCountry "GER"]
[EventRounds "7"]
[EventType "team-swiss"]
[EventDate "2013.12.26"]

1. c4 e5 2. g3 Nf6 3. Bg2 d5 4. e3 Nc6 5. Ne2 Nb4 6. d4 e4 7. O-O dxc4 8. Nbc3
Bf5 9. Nf4 a6 10. a3 Nd3 11. Nxd3 cxd3 12. Qb3 b5 13. Bd2 c5 14. dxc5 Bxc5 15.
Rac1 O-O 16. Na2 Bb6 17. a4 bxa4 18. Qxa4 a5 19. Rc3 Qd5 20. Qc4 Be6 21. Qxd5
Bxd5 22. Ra3 Bc5 23. Ra4 Bb3 24. Rxa5 Rxa5 25. Bxa5 Bxa2 26. Rc1 Bd6 27. Rc6
Be5 28. Bd2 Bxb2 29. Bh3 Nd5 30. Ra6 Bc4 31. Ra4 Bc3 32. Bxc3 Nxc3 33. Rxc4 d2
34. Bg4 f5 35. Bd1 Nxd1 36. Rd4 Nb2 37. Rxd2 Nd3 38. f3 g5 39. f4 gxf4 40. gxf4
Rc8 41. Ra2 Rc1+ 42. Kg2 Re1 43. Ra5 Rxe3 44. Rxf5 Rf3 45. Rg5+ Kf7 46. f5 Kf6
47. Rh5 0-1

[Event "DVM U16 2013"]
[Site "Lingen (Ems) GER"]
[Date "2013.12.30"]
[Round "7"]
[White "Werner, Justus"]
[Black "Wunder, Anton"]
[Result "1/2-1/2"]
[Termination "normal"]
[Board "10.1"]
[WhiteElo "1794"]
[BlackElo "1751"]
[WhiteTeam "SG Blau-Weiß Stadtilm"]
[BlackTeam "Heilbronner SV"]
[WhiteFideId "12941107"]
[BlackFideId "12964352"]
[EventCountry "GER"]
[EventRounds "7"]
[EventType "team-swiss"]
[EventDate "2013.12.26"]

1. Nc3 e6 2. e4 d5 3. f4 Nf6 4. e5 Nfd7 5. Nf3 c5 6. d4 Nc6 7. Be3 Qb6 8. Rb1
cxd4 9. Nxd4 Nxd4 10. Bxd4 Bc5 11. Bxc5 Qxc5 12. Qd2 a6 13. Bd3 b5 14. Qf2 Bb7
15. Ne2 Qxf2+ 16. Kxf2 Nc5 17. Rbc1 Ke7 18. Nd4 Rac8 19. Ke3 f6 20. Nf3 Ne4 21.
g4 h5 22. h3 Ng3 23. Rhg1 h4 24. Nxh4 Rxh4 25. Rxg3 Rch8 26. exf6+ gxf6 27. Bf1
e5 28. Re1 Kd6 29. f5 Rc8 30. c3 Rg8 31. Ke2 Bc6 32. Rd1 e4 33. Re3 Ke5 34. Rd4
1/2-1/2

[Event "DVM U16 2013"]
[Site "Lingen (Ems) GER"]
[Date "2013.12.30"]
[Round "7"]
[White "Wasielewski, Kim-Luca"]
[Black "Schmidt, Daniel"]
[Result "0-1"]
[Termination "normal"]
[Board "10.2"]
[WhiteElo "1555"]
[BlackElo "1816"]
[WhiteTeam "Heilbronner SV"]
[BlackTeam "SG Blau-Weiß Stadtilm"]
[WhiteFideId "12979503"]
[BlackFideId "12957950"]
[EventCountry "GER"]
[EventRounds "7"]
[EventType "team-swiss"]
[EventDate "2013.12.26"]

1. e4 c5 2. c3 Nf6 3. d4 cxd4 4. e5 Nd5 5. cxd4 e6 6. Nc3 Nxc3 7. bxc3 Qc7 8.
Qb3 d5 9. Nf3 Nc6 10. Bd2 b6 11. Be2 Be7 12. O-O O-O 13. Rac1 Na5 14. Qc2 Bd7
15. h3 f6 16. Bd3 f5 17. Rfe1 h6 18. Bf4 Qd8 19. Qe2 Be8 20. c4 dxc4 21. Bxc4
Nxc4 22. Qxc4 Bf7 23. Qb3 Rc8 24. Red1 Qd7 25. Qb2 Bh5 26. Qb3 g5 27. Rxc8 Rxc8
28. Bg3 Rd8 29. Rd3 f4 30. Bh2 Qd5 31. Qc2 Bg6 32. Qd1 Bxd3 33. Qxd3 Kg7 34.
Qa6 Qc6 35. Qf1 Qc2 36. g3 fxg3 37. Bxg3 Rf8 38. Ne1 Qxa2 39. Qd3 Qd5 40. Qe3
a5 41. f4 a4 42. fxg5 Bxg5 43. Qc3 Qb3 44. Qc7+ Rf7 45. Qc2 Qxg3+ 0-1

[Event "DVM U16 2013"]
[Site "Lingen (Ems) GER"]
[Date "2013.12.30"]
[Round "7"]
[White "Mann, Jonas"]
[Black "Gündisch, Stefan"]
[Result "1-0"]
[Termination "normal"]
[Board "10.3"]
[WhiteElo "1771"]
[BlackElo "1301"]
[WhiteTeam "SG Blau-Weiß Stadtilm"]
[BlackTeam "Heilbronner SV"]
[WhiteFideId "12900214"]
[BlackFideId "12983144"]
[EventCountry "GER"]
[EventRounds "7"]
[EventType "team-swiss"]
[EventDate "2013.12.26"]

1. Nc3 Nc6 2. e4 b6 3. d4 e6 4. Nf3 Bb7 5. Bf4 Nge7 6. d5 Nb8 7. Qd2 exd5 8.
exd5 g6 9. Be5 Rg8 10. O-O-O Bg7 11. Bxg7 Rxg7 12. Re1 Kf8 13. h4 Na6 14. h5
Nc5 15. hxg6 fxg6 16. Ng5 Kg8 17. d6 cxd6 18. Bc4+ Kh8 19. Nf7+ Rxf7 20. Qd4+
Rg7 21. Rxh7+ Kxh7 22. Rh1# 1-0

[Event "DVM U16 2013"]
[Site "Lingen (Ems) GER"]
[Date "2013.12.30"]
[Round "7"]
[White "Dudt, Jonas"]
[Black "Dittrich, Tom"]
[Result "0-1"]
[Termination "normal"]
[Board "10.4"]
[WhiteElo "1001"]
[BlackElo "1666"]
[WhiteTeam "Heilbronner SV"]
[BlackTeam "SG Blau-Weiß Stadtilm"]
[WhiteFideId "12983152"]
[BlackFideId "12923532"]
[EventCountry "GER"]
[EventRounds "7"]
[EventType "team-swiss"]
[EventDate "2013.12.26"]

1. d4 Nf6 2. Nf3 g6 3. c4 Bg7 4. Nc3 d6 5. e4 Nbd7 6. Bd3 e5 7. d5 Nc5 8. Be3
b6 9. h3 a5 10. O-O O-O 11. Qc2 Bd7 12. a3 a4 13. Nd2 Nh5 14. b4 axb3 15. Nxb3
Nf4 16. Nxc5 bxc5 17. Nb5 f5 18. Bxf4 exf4 19. Ra2 f3 20. g3 fxe4 21. Bxe4 Bxh3
22. Re1 Qd7 23. Qd3 Bg2 24. Bxf3 Rxf3 25. Qe4 Qh3 26. Qh4 Qxh4 27. gxh4 Bh3 28.
Nxc7 Raxa3 29. Rxa3 Rxa3 30. Nb5 Ra6 31. Re8+ Kf7 32. Kh2 Bf5 33. Rd8 Be5+ 34.
Kg1 Be4 35. Rd7+ Ke8 36. Nc7+ Kxd7 37. Nxa6 Bd3 38. Nb8+ Kc8 0-1